| 000 | 00000nam##2200000za#4500 |
| 001 | 9.613924 |
| 003 | CaOODSP |
| 005 | 20220111083437 |
| 007 | ta |
| 008 | 150406|1997||||xxc||||| f|0| 0 eng|d |
| 020 | |a0-662-25906-8 |
| 022 | |a1713-0638 |
| 040 | |aCaOODSP|beng |
| 043 | |an-cn--- |
| 086 | 1 |aNE22-1/1997-9E |
| 110 | 1 |aCanada. |bNational Energy Board. |
| 245 | 10|aIn the matter of Amoco Canada Petroleum Company Ltd. on behalf of Dome Kerrobert Pipeline Ltd. and PanCanadian Kerrobert Pipeline Ltd. : |bapplication dated 9 April 1997 for the Empress to Kerrobert pipeline expansion |
| 260 | |aCalgary - Alberta : |bNational Energy Board |cJuly, 1997. |
| 300 | |av, 19p. : |bfig. ; |c28 cm. |
| 490 | 1 |aReasons for decision|x1713-0638 |
| 563 | |aSoftcover |
| 590 | |a97-31|b1997-08-01 |
| 775 | 08|tRelativement à Compagnie de pétroles Amoco Canada Ltée au nom de Dome Kerrobert Pipeline Ltd. et de PanCanadian Kerrobert Pipeline Ltd. : |w(CaOODSP)9.624443 |
| 776 | 0#|tReasons for decision in the matter of Amoco Canada Petroleum Company Ltd. on behalf of Dome Kerrobert Pipeline Ltd. and PanCanadian Kerrobert Pipeline Ltd. : |w(CaOODSP)9.572533 |
| 830 | #0|aReasons for decision (Canada. National Energy Board)|x1713-0638|w(CaOODSP)9.514808 |
| 986 | |aOH-1-97 |